Catecumenado de adultos. Las celebraciones litúrgicas

Uloženo v:
Podrobná bibliografie
Hlavní autor: Lligadas, Josep (autor)
Další autoři: Prat, Lluis (autor), Termes, Enric (autor)
Médium: Kniha
Vydáno: Barcelona, España: Centre de Pastoral Litúrgica, 2011.
Vydání:1ª edición
Edice:Dossiers CPL
Témata:
Tagy: Přidat tag
Žádné tagy, Buďte první, kdo vytvoří štítek k tomuto záznamu!

MARC

LEADER 00000nam a22000007a 4500
003 CL-VaPUC
005 20240530170113.0
008 240530t2011 ||||| |||| 00| 0 eng d
999 |c 443812  |d 443810 
020 |a 978-84-9805-465-1 
040 |c Pontificia Universidad Católica de Valparaíso 
082 7 |2 22  |a 248.84 LLI 2011 
100 |9 889172  |a Lligadas, Josep  |e autor 
245 |a Catecumenado de adultos. Las celebraciones litúrgicas 
250 |a 1ª edición 
260 |a Barcelona, España:  |b Centre de Pastoral Litúrgica,  |c 2011. 
300 |a 160 páginas. 
490 |a Dossiers CPL  |n  120 
500 |a Donación P. Cristian Eichin. Facultad de Teología 30/05/2024. 
583 |c 20240530  |k Angela Raggi 
650 0 |9 314526  |a Catequesis  |x Itinerario catecumenal  
650 0 |9 858473  |a Sacramentos   |x Iglesia Católica  |x Liturgia 
700 |9 407091  |a Prat, Lluis  |e autor 
700 |9 889173  |a Termes, Enric  |e autor 
942 |2 ddc  |c BK 
952 |0 0  |1 0  |2 ddc  |4 0  |6 248_840000000000000_LLI_2011  |7 0  |9 594922  |a BIBTEO  |b BIBTEO  |d 2024-05-30  |e Donación  |i 5661482  |o 248.84 LLI 2011  |p 5661482  |r 2025-01-17  |t 1  |w 2024-05-30  |y BK  |k ICR